[Event "Mittelrhein Verbandsliga-N 17/18"]
[Site "Nordrheinwestfalen"]
[Date "2018.05.06"]
[Round "11.8"]
[White "Koric, Ivan"]
[Black "Ipekyilmaz, Tayfun"]
[Result "0-1"]
[WhiteElo "1464"]
[BlackElo "1677"]
[PlyCount "70"]
[EventDate "2017.09.10"]
[EventType "team-swiss"]
[EventRounds "11"]
[EventCountry "GER"]
[SourceTitle "EXT 2022"]
[Source "ChessBase"]
[SourceDate "2021.10.06"]
[SourceVersion "1"]
[SourceVersionDate "2021.10.06"]
[SourceQuality "1"]
[WhiteTeam "Gruenfeld"]
[BlackTeam "Langenfeld II"]
[WhiteTeamCountry "GER"]
[BlackTeamCountry "GER"]

1. d4 Nf6 2. c4 e5 3. e3 e4 4. Nc3 Bb4 5. Bd2 Bxc3 6. Bxc3 d5 7. Qc2 c6 8. Be2 0-0 9. 0-0-0 Bg4 10. h3 Bxe2 11. Nxe2 Na6 12. g4 dxc4 13. Ng3 Qd5 14. g5 Qxg5 15. Nxe4 Nxe4 16. Qxe4 Qd5 17. Qg4 f5 18. Qg3 Rf6 19. Rhg1 Rg6 20. Qf4 Rxg1 21. Rxg1 Re8 22. Qg5 g6 23. h4 Qf3 24. Rg2 Nc7 25. h5 Ne6 26. Qg3 Qxh5 27. Kd2 Qh6 28. Qe5 Qg7 29. Qd6 Qe7 30. Qe5 Ng7 31. Qf4 Qe4 32. Qg5 Ne6 33. Qg3 f4 34. Qh3 fxe3+ 35. Qxe3 Qxg2 0-1

[Event "Mittelrhein Verbandsliga-N 17/18"]
[Site "Nordrheinwestfalen"]
[Date "2017.11.12"]
[Round "4.8"]
[White "Roettgers, Roland"]
[Black "Koric, Ivan"]
[Result "1-0"]
[WhiteElo "1742"]
[BlackElo "1464"]
[PlyCount "49"]
[EventDate "2017.09.10"]
[EventType "team-swiss"]
[EventRounds "11"]
[EventCountry "GER"]
[SourceTitle "EXT 2022"]
[Source "ChessBase"]
[SourceDate "2021.10.06"]
[SourceVersion "1"]
[SourceVersionDate "2021.10.06"]
[SourceQuality "1"]
[WhiteTeam "Leverkusen Koenigsspringer"]
[BlackTeam "Gruenfeld"]
[WhiteTeamCountry "GER"]
[BlackTeamCountry "GER"]

1. Nf3 d5 2. c4 e6 3. b3 Nf6 4. Bb2 Bc5 5. g3 b6 6. Bg2 Bb7 7. 0-0 0-0 8. d3 Nbd7 9. Nbd2 Qe7 10. Qc2 c6 11. e4 e5 12. Rad1 Rfd8 13. d4 exd4 14. Nxd4 Re8 15. Nf5 Qd8 16. exd5 cxd5 17. cxd5 Rc8 18. Qb1 Ne5 19. Qa1 Nd3 20. Bxf6 gxf6 21. Ne4 Rxe4 22. Bxe4 Nxf2 23. Rxf2 Bxf2+ 24. Kxf2 Rc2+ 25. Bxc2 1-0

[Event "Mittelrhein Verbandsliga-N 17/18"]
[Site "Nordrheinwestfalen"]
[Date "2017.09.10"]
[Round "1.8"]
[White "Wenzke, Elias"]
[Black "Koric, Ivan"]
[Result "1/2-1/2"]
[WhiteElo "1717"]
[BlackElo "1464"]
[PlyCount "64"]
[EventDate "2017.09.10"]
[EventType "team-swiss"]
[EventRounds "11"]
[EventCountry "GER"]
[SourceTitle "EXT 2022"]
[Source "ChessBase"]
[SourceDate "2021.10.06"]
[SourceVersion "1"]
[SourceVersionDate "2021.10.06"]
[SourceQuality "1"]
[WhiteTeam "Koeln Muelheim"]
[BlackTeam "Gruenfeld"]
[WhiteTeamCountry "GER"]
[BlackTeamCountry "GER"]

1. e3 e5 2. d4 exd4 3. exd4 d5 4. Bd3 Nf6 5. Bg5 c5 6. c3 Nc6 7. Qe2+ Be6 8. dxc5 Bxc5 9. Bf5 Qe7 10. Bxe6 fxe6 11. Nf3 0-0 12. 0-0 e5 13. b4 Bd6 14. Rd1 e4 15. Nd4 Qe5 16. f4 Nxd4 17. Rxd4 Qf5 18. Nd2 Bxf4 19. Bxf6 Rxf6 20. c4 Qe5 21. Nb3 Bxh2+ 22. Kh1 Rh6 23. Rxd5 Bg3+ 24. Kg1 Qf4 25. Rh5 Rxh5 26. Qxh5 Qf2+ 27. Kh1 Rf8 28. Rg1 h6 29. Nc5 Rf4 30. Nxe4 Rf5 31. Qe8+ Rf8 32. Nxf2 Rxe8 1/2-1/2